| 000 | 00806nam a2200265 i 4500 | ||
|---|---|---|---|
| 001 | 92049 | ||
| 003 | ES-MaACL | ||
| 005 | 20230906180903.0 | ||
| 007 | t| | ||
| 008 | 050329s1990 sp ||||1| spa d | ||
| 020 | _a84-85896-27-0 | ||
| 080 | _a329.17(649)"1960/62"(091) | ||
| 100 | 1 |
_aGarí-Montllor Hayek, Domingo. _955545 |
|
| 245 | 1 | 0 |
_aHistoria del Movimiento Canarias Libre: 1960-1962 / _cDomingo Garí-Montllor Hayek. |
| 250 | _a1ª ed. | ||
| 260 |
_aSanta Cruz de Tenerife : _bBenchomo, _c1990. |
||
| 300 |
_a146 p. : _bil. ; _c21 cm. |
||
| 490 | 1 |
_aTasufra ; _v1 |
|
| 504 | _aBibliografía: p. 145-146. | ||
| 610 | 2 |
_aCanarias Libre. _9171885 |
|
| 650 | 2 | 4 |
_aNacionalismo- _zCanarias. _915441 |
| 830 | 1 |
_aTasufra ; _v1 _9189438 |
|
| 852 |
_aES-MaACL _jE-10859 |
||
| 999 |
_c92049 _d92049 |
||